States with the Least Elevation Span - Statistics

General Stats
  • This quiz has been taken 20 times
  • The average score is 9 of 10
Answer Stats
Elevation Span (ft) State % Correct
345 Florida
100%
807 Mississippi
100%
811 Rhode Island
100%
449 Delaware
95%
956 Illinois
95%
937 Indiana
95%
1,191 Iowa
89%
1,093 Ohio
89%
543 Louisiana
84%
1,372 Wisconsin
79%
No matching quizzes found
Score Distribution
Percent of People with Each Score
Percentile by Number Answered
Your Score History
You have not taken this quiz